| 000 | 01847nam a2200277Ia 4500 | ||
|---|---|---|---|
| 999 |
_c56652 _d56652 |
||
| 001 | 23774 | ||
| 003 | GE_BSU | ||
| 005 | 20241112120743.0 | ||
| 008 | 181216s1989||||ge |||||||||||||| ||geo|| | ||
| 020 | _a5505002196 | ||
| 040 | _cGE_BSU | ||
| 041 | _ageo | ||
| 080 | _a611 შ-44 | ||
| 100 |
_aშელია, ლეონარდო. _923664 |
||
| 245 |
_aდასურათებული ანატომიური ტერმინოლოგია / _c ლეონარდო შელია, კონსტანტინე გუნია ; ნ. ჯავახიშვილის რედ. |
||
| 264 |
_aთბილისი : _bგანათლება, _c1989. |
||
| 300 |
_a270 გვ. : _b ილ. ; _c26 სმ. |
||
| 504 | _aბიბლიოგრ.: გვ. 269. | ||
| 546 | _aპარალ. სათ. რუს. ენ., ტექსტი ლათ. და რუს ენ. | ||
| 653 | _aადამიანის ანატომია | ||
| 653 | _aდასურათებული ანატომიური ტერმინოლოგია | ||
| 700 |
_aგუნია, კონსტანტინე _923665 |
||
| 700 |
_aჯავახიშვილი, ნ _eრედაქციით _923666 |
||
| 856 |
_uhttps://orientiri.edu.ge/wp-content/uploads/2021/09/%E1%83%93%E1%83%90%E1%83%A1%E1%83%A3%E1%83%A0%E1%83%90%E1%83%97%E1%83%94%E1%83%91%E1%83%A3%E1%83%9A%E1%83%98-%E1%83%90%E1%83%9C%E1%83%90%E1%83%A2%E1%83%9D%E1%83%9B%E1%83%98%E1%83%A3%E1%83%A0%E1%83%98-%E1%83%A2%E1%83%94%E1%83%A0%E1%83%9B%E1%83%98%E1%83%9C%E1%83%9D%E1%83%9A%E1%83%9D%E1%83%92%E1%83%98%E1%83%90-%E1%83%9A.%E1%83%A8%E1%83%94%E1%83%9A%E1%83%98%E1%83%90.-%E1%83%90.-%E1%83%92%E1%83%A3%E1%83%9C%E1%83%98%E1%83%90.pdf _yელექტრონული ვერსია |
||
| 942 |
_cBK _2udc |
||